000 00615nam a2200229Ia 4500
003 OSt
005 20221005122520.0
006 a|||||r|||| 00| 0
007 ta
008 221004b |||||||| |||| 00| 0 urd d
024 _a46488
037 _cTextual
040 _aCRL
_cCRL
_burd
041 _2urd
_aurd
082 _aO168,1L97:g, 157N8
100 _aChakraborty Priyandarshi Tr.
_9632121
245 0 _aKaekti chithi
_b Mirza ghalib
260 _c1998
300 _a84p.
_ccm.
942 _hO168,1L97:g, 157N8
_cTEXL
_2cc
999 _c1044535
_d1044535